| 000 | 00518nam a22001577a 4500 | ||
|---|---|---|---|
| 020 | _a087262692X | ||
| 082 |
_a620.0091415 _bTRA _cN-01,P-109 |
||
| 110 |
_aAmerican Society of Civil Engineers _9702 |
||
| 245 |
_aTransactions of the American Society of Civil Engineers _cAmerican Society of Civil Engineers |
||
| 250 | _avolumn154 | ||
| 260 |
_aNew York : _bPublished by the Society, _c1989 |
||
| 300 |
_a568p.: _bill, ; _c15 cm. |
||
| 526 |
_a0 _b0 _c0 _d620_009141500000000_TRA |
||
| 650 |
_aMCE _9379 |
||
| 942 |
_2ddc _cBK |
||
| 999 |
_c544912 _d544912 |
||